Name That Merit Badge- Random - Statistics

General Stats
  • This quiz has been taken 13 times
  • The average score is 23 of 40
Answer Stats
Picture Answer % Correct
Archery
100%
Architecture
100%
Art
100%
Astronomy
100%
Aviation
100%
Bugling
100%
Camping
100%
Canoeing
100%
Citizenship in the Community
100%
Citizenship in the Nation
100%
Citizenship in the World
100%
Climbing
100%
Coin Collecting
100%
Communication
100%
Crime Prevention
100%
Digital Technology
100%
Environmental Science
100%
Fingerprinting
100%
Fire Safety
100%
First Aid
100%
Fishing
100%
Game Design
100%
Gardening
100%
Geocaching
100%
Hiking
100%
Horsemanship
100%
Law
100%
Leatherwork
100%
Painting
100%
Pets
100%
Plumbing
100%
Pottery
100%
Rifle Shooting
100%
Scouting Heritage
100%
Scuba Diving
100%
Shotgun Shooting
100%
Signs, Signals, and Codes
100%
Snow Sports
100%
Space Exploration
100%
Surveying
100%
Sustainability
100%
Weather
100%
Welding
100%
Swimming
80%
Whitewater
75%
Athletics
67%
Basketry
67%
Bird Study
67%
Citizenship in Society
67%
Drafting
67%
Electricity
67%
Emergency Preparedness
67%
Inventing
67%
Kayaking
67%
Lifesaving
67%
Moviemaking
67%
Music
67%
Public Health
67%
Railroading
67%
Reptile and Amphibian Study
67%
Rowing
67%
Sculpture
67%
Search and Rescue
67%
Wilderness Survival
67%
Indian Lore
60%
Animation
50%
Chess
50%
Collections
50%
Cooking
50%
Disabilities Awareness
50%
Farm Mechanics
50%
Geology
50%
Golf
50%
Home repairs
50%
Insect Study
50%
Journalism
50%
Landscape Architecture
50%
Mining in Society
50%
Motorboating
50%
Personal Fitness
50%
Personal Management
50%
Plant Science
50%
Pulp and Paper
50%
Robotics
50%
Skating
50%
Textile
50%
Theater
50%
Veterinary Medicine
50%
Oceanography
40%
Orienteering
40%
Archaeology
33%
Entrepreneurship
33%
Fly Fishing
33%
Mammal Study
33%
Metalwork
33%
Public Speaking
33%
Radio
33%
Safety
33%
Wood Carving
33%
Model Design and Building
25%
Pioneering
25%
Stamp Collecting
25%
American Business
0%
American Cultures
0%
American Heritage
0%
American Labor
0%
Animal Science
0%
Automotive Maintenance
0%
Backpacking
0%
Chemistry
0%
Composite Materials
0%
Cycling
0%
Dentistry
0%
Dog Care
0%
Electronics
0%
Energy
0%
Engineering
0%
Exploration
0%
Family Life
0%
Fish & Wildlife Managment
0%
Forestry
0%
Genealogy
0%
Graphic Arts
0%
Health Care Professions
0%
Nature
0%
Nuclear Science
0%
Photography
0%
Programming
0%
Reading
0%
Salesmanship
0%
Scholarship
0%
Small-Boat Sailing
0%
Soil and Water Conservation
0%
Sports
0%
Traffic Safety
0%
Truck Transportation
0%
Water Sports
0%
Woodwork
0%
No matching quizzes found
Score Distribution
Percent of People with Each Score
Percentile by Number Answered
Your Score History
You have not taken this quiz